LEADER 05836nam 22007335 450 001 996418172903316 005 20200702121333.0 010 $a3-030-27672-4 024 7 $a10.1007/978-3-030-27672-0 035 $a(CKB)4100000010119072 035 $a(DE-He213)978-3-030-27672-0 035 $a(MiAaPQ)EBC6027269 035 $a(PPN)242846793 035 $a(EXLCZ)994100000010119072 100 $a20200116d2020 u| 0 101 0 $aeng 135 $aurnn|008mamaa 181 $ctxt$2rdacontent 182 $cc$2rdamedia 183 $acr$2rdacarrier 200 10$aChaos, Complexity and Leadership 2018$b[electronic resource] $eExplorations of Chaotic and Complexity Theory /$fedited by ?efika ?ule ERÇET?N, ?uay Nilhan AÇIKALIN 205 $a1st ed. 2020. 210 1$aCham :$cSpringer International Publishing :$cImprint: Springer,$d2020. 215 $a1 online resource (XI, 291 p. 64 illus., 51 illus. in color.) 225 1 $aSpringer Proceedings in Complexity,$x2213-8684 300 $aIncludes index. 311 $a3-030-27671-6 327 $aChapter1: Foreign Policy in a ?Networked World?: Exploring Britain?s Response to the Arab Uprisings -- Chapter2: A New Method in the Analysis of Chaotic Systems: Scale Index -- Chapter3: Reminiscence of Alija Izetbegovic and his leadership -- Chapter4: Some Conceptual and Measurement Aspects of Complexity, Chaos and Randomness from Mathematical Point of View -- Chapter5:The relationship between the stock markets: causality among G-8 countries and Turkey -- Chapter6: The Color Revolutions of the Former User Countries in the Light of Chaos Theory -- Chapter7: Brexit in the Light of Chaos Theory and Some Assumptions About the Future of the European Union -- Chapter8: Intra-specific competition in prey can control chaos in a prey-predator model -- Chapter9: Angela Merkel?s Chancellor Democracy and the Leadership in Times of Crisis -- Chapter10: Achilles? Heel of Strategic Management: Strategic Leadership in the Chaos Environment -- Chapter11: The Effect of Measurement Error on Chaotic Time Series: AR Model -- Chapter12: Energy Policy of European Union and Its Implications on Turkey -- Chapter13: Customer Perception on Quality of Online Banking Services (With special reference SBI & ICICI Bank): A Study on Chaos and Complexity Perspective -- Chapter14: Insightful Leadership -- Chapter15: The Role of Trust in Principal in Readiness for Change within Schools -- Chapter16: A Chaos Theory Perspective on Migration of Sub-Saharan Africans to Europe -- Chapter17: Chaos in the Future: Artificial Intelligence as Strange Attractor of the Future -- Chapter18: Financing Higher Education in Sub-Saharan Africa: A Proposed Model based on the Experiences of Ugandan Higher Education Institutions and Exemplary Practices from the Asian Tigers -- Chapter19: The Autophagic Leadership: Promoting Self-Renewal of Organizations -- Chapter20: A Qualitative Research Related To the Analysis of the Chaotic Circumstances Effecting the Happiness of a Teacher -- Chapter21: Analysis of Organizational Memory in the Context of School Administrators -- Chapter22: A Way for Organizations to Cope with Uncertainty: Mimetic Isomorphism. 330 $aThis book constitutes the proceedings of the 6th International Symposium on Chaos, Complexity and Leadership (ICCLS). Written by interdisciplinary researchers and students from the fields of mathematics, physics, education, economics, political science, statistics, the management sciences and social sciences, the peer-reviewed contributions explore chaotic and complex systems, as well as chaos and complexity theory in the context of their applicability to management and leadership. The book discusses current topics, such as complexity leadership in the healthcare fields and tourism industry, conflict management and organization intelligence, and presents practical applications of theoretical concepts, making it a valuable resource for managers and leaders. 410 0$aSpringer Proceedings in Complexity,$x2213-8684 606 $aStatistical physics 606 $aEconomic sociology 606 $aOperations research 606 $aDecision making 606 $aEconomic policy 606 $aEconomics 606 $aComputational complexity 606 $aApplications of Nonlinear Dynamics and Chaos Theory$3https://scigraph.springernature.com/ontologies/product-market-codes/P33020 606 $aOrganizational Studies, Economic Sociology$3https://scigraph.springernature.com/ontologies/product-market-codes/X22020 606 $aOperations Research/Decision Theory$3https://scigraph.springernature.com/ontologies/product-market-codes/521000 606 $aPolitical Economy/Economic Systems$3https://scigraph.springernature.com/ontologies/product-market-codes/W46000 606 $aComplexity$3https://scigraph.springernature.com/ontologies/product-market-codes/T11022 615 0$aStatistical physics. 615 0$aEconomic sociology. 615 0$aOperations research. 615 0$aDecision making. 615 0$aEconomic policy. 615 0$aEconomics. 615 0$aComputational complexity. 615 14$aApplications of Nonlinear Dynamics and Chaos Theory. 615 24$aOrganizational Studies, Economic Sociology. 615 24$aOperations Research/Decision Theory. 615 24$aPolitical Economy/Economic Systems. 615 24$aComplexity. 676 $a003 702 $aERÇET?N$b ?efika ?ule$4edt$4http://id.loc.gov/vocabulary/relators/edt 702 $aAÇIKALIN$b ?uay Nilhan$4edt$4http://id.loc.gov/vocabulary/relators/edt 801 0$bMiAaPQ 801 1$bMiAaPQ 801 2$bMiAaPQ 906 $aBOOK 912 $a996418172903316 996 $aChaos, Complexity and Leadership 2018$91879292 997 $aUNISA